<?xml version="1.0" encoding="UTF-8"?>
<record
    xmlns:xsi="http://www.w3.org/2001/XMLSchema-instance"
    xsi:schemaLocation="http://www.loc.gov/MARC21/slim http://www.loc.gov/standards/marcxml/schema/MARC21slim.xsd"
    xmlns="http://www.loc.gov/MARC21/slim">

  <leader>03135nam a2200289 a 4500</leader>
  <controlfield tag="003">OSt</controlfield>
  <controlfield tag="005">20251021114033.0</controlfield>
  <controlfield tag="007">cr ||||||a|c|a</controlfield>
  <controlfield tag="008">230509s2019    MX d|||fom||| 001 0 SPA d</controlfield>
  <datafield tag="040" ind1=" " ind2=" ">
    <subfield code="e">rda</subfield>
  </datafield>
  <datafield tag="100" ind1="1" ind2=" ">
    <subfield code="9">69794</subfield>
    <subfield code="a">Maga&#xF1;a Lira, Natanael</subfield>
  </datafield>
  <datafield tag="245" ind1="1" ind2="0">
    <subfield code="a">Endogamia y heterosis en cuatro poblaciones de tomate de c&#xE1;scara (Physalis ixocarpa Brot. ex Horm.) /</subfield>
    <subfield code="c">Natanael Maga&#xF1;a Lira; director de tesis Aureliano Pe&#xF1;a Lomel&#xED;</subfield>
  </datafield>
  <datafield tag="264" ind1=" " ind2="1">
    <subfield code="a">Chapingo, M&#xE9;xico :</subfield>
    <subfield code="b">El autor,</subfield>
    <subfield code="c">2019.</subfield>
  </datafield>
  <datafield tag="300" ind1=" " ind2=" ">
    <subfield code="a">1 recurso en l&#xED;nea (100 p&#xE1;ginas):</subfield>
    <subfield code="b">graficas,figuras y mapas.</subfield>
  </datafield>
  <datafield tag="336" ind1=" " ind2=" ">
    <subfield code="2">rdacontent</subfield>
    <subfield code="a">texto</subfield>
    <subfield code="b">txt</subfield>
  </datafield>
  <datafield tag="337" ind1=" " ind2=" ">
    <subfield code="2">rdamedia</subfield>
    <subfield code="a">computadora</subfield>
    <subfield code="b">c</subfield>
  </datafield>
  <datafield tag="338" ind1=" " ind2=" ">
    <subfield code="2">rdacarrier</subfield>
    <subfield code="a">recurso en l&#xED;nea</subfield>
    <subfield code="b">cr</subfield>
  </datafield>
  <datafield tag="502" ind1=" " ind2=" ">
    <subfield code="b">DCH</subfield>
    <subfield code="c">Fitotecnia</subfield>
    <subfield code="d">2019.</subfield>
    <subfield code="g">DOC</subfield>
  </datafield>
  <datafield tag="504" ind1=" " ind2=" ">
    <subfield code="a">Incluye referencias bibliogr&#xE1;ficas: p&#xE1;ginas 86-88</subfield>
  </datafield>
  <datafield tag="520" ind1=" " ind2=" ">
    <subfield code="a">El tomate de c&#xE1;scara (Physalis ixocarpa Brot. ex Horm.), originario de M&#xE9;xico, es de las hortalizas m&#xE1;s importantes en este pa&#xED;s. Se tienen pocas variedades mejoradas por selecci&#xF3;n, y no existen h&#xED;bridos de este cultivo debido a la autoincomptatibilidad de la especie, que impide formar l&#xED;neas endog&#xE1;micas. Para aprovechar la heterosis intervarietal, una alternativa de mejoramiento por hibridaci&#xF3;n es cruzar familias de diferentes poblaciones. El objetivo fue estudiar los efectos de la endogamia y la heterosis entre familias de medios hermanos maternos (FMHM) de cuatro poblaciones de tomate de c&#xE1;scara, con el prop&#xF3;sito de dise&#xF1;ar una estrategia para obtener variedades h&#xED;bridas de alto rendimiento de fruto. La investigaci&#xF3;n const&#xF3; de tres trabajos. En el primero se plante&#xF3; determinar el momento &#xF3;ptimo para realizar la polinizaci&#xF3;n manual de manera eficiente en tomate de c&#xE1;scara. Se encontr&#xF3; que el periodo &#xF3;ptimo de polinizaci&#xF3;n ocurre entre dos y tres d&#xED;as despu&#xE9;s de haber cubierto los botones florales. En el segundo se estudi&#xF3; de manera te&#xF3;rica y pr&#xE1;ctica la media genot&#xED;pica de FMHM de tomate de c&#xE1;scara y cinco generaciones de incremento de semilla por cruzas fraternales. El desarrollo te&#xF3;rico indic&#xF3; que existe depresi&#xF3;n endog&#xE1;mica en la primera generaci&#xF3;n de incremento, en funci&#xF3;n del grado de dominancia y la diferencia entre las frecuencias g&#xE9;nicas de la planta seleccionada y de la poblaci&#xF3;n. En la pr&#xE1;ctica se verific&#xF3; la estabilidad de cinco generaciones de incremento de doce FMHM de tomate de c&#xE1;scara. El tercer trabajo consisti&#xF3; en estudiar la heterosis de cruzas entre FMHM de tomate de c&#xE1;scara, y de las cruzas entre las familias en la cuarta generaci&#xF3;n de incremento por cruzas fraternales. S&#xF3;lo dos cruzas entre FMHM superaron a sus progenitores. Seis cruzas fueron sobresalientes entre familias de cuarta generaci&#xF3;n y se identificaron cinco familias promisorias para mejoramiento por hibridaci&#xF3;n.</subfield>
  </datafield>
  <datafield tag="650" ind1=" " ind2="4">
    <subfield code="9">113737</subfield>
    <subfield code="a">Tomate</subfield>
    <subfield code="x">Mejoramiento</subfield>
  </datafield>
  <datafield tag="650" ind1=" " ind2="4">
    <subfield code="9">113732</subfield>
    <subfield code="a">Tomate</subfield>
    <subfield code="x">H&#xED;bridos</subfield>
  </datafield>
  <datafield tag="650" ind1=" " ind2="4">
    <subfield code="9">113726</subfield>
    <subfield code="a">Tomate</subfield>
    <subfield code="x">Gen&#xE9;tica</subfield>
  </datafield>
  <datafield tag="700" ind1="1" ind2=" ">
    <subfield code="9">86804</subfield>
    <subfield code="a">Pe&#xF1;a Lomel&#xED;, Aureliano</subfield>
    <subfield code="e">director.</subfield>
  </datafield>
  <datafield tag="856" ind1=" " ind2=" ">
    <subfield code="u">http://10.13.5.2/tesis/td/Magana_Lira_Natanael.pdf</subfield>
    <subfield code="z">DESCARGAR PDF</subfield>
  </datafield>
  <datafield tag="942" ind1=" " ind2=" ">
    <subfield code="2">Clasificaci&#xF3;n Universidad Aut&#xF3;noma Chapingo</subfield>
    <subfield code="c">TD</subfield>
  </datafield>
  <datafield tag="999" ind1=" " ind2=" ">
    <subfield code="c">218708</subfield>
    <subfield code="d">218708</subfield>
  </datafield>
  <datafield tag="952" ind1=" " ind2=" ">
    <subfield code="0">0</subfield>
    <subfield code="1">0</subfield>
    <subfield code="2">local</subfield>
    <subfield code="4">0</subfield>
    <subfield code="5">1</subfield>
    <subfield code="7">0</subfield>
    <subfield code="8">TesdigD</subfield>
    <subfield code="a">BC</subfield>
    <subfield code="b">BC</subfield>
    <subfield code="c">E_L</subfield>
    <subfield code="d">2023-05-09</subfield>
    <subfield code="l">0</subfield>
    <subfield code="o">Tesis digital</subfield>
    <subfield code="r">2023-05-09 00:00:00</subfield>
    <subfield code="w">2023-05-09</subfield>
    <subfield code="y">TD</subfield>
  </datafield>
</record>
